000
00294nam a22001337a 4500
008
170602b xxu||||| |||| 00| 0 eng d
020
_a
1881089010
041
_a
eng
080
_2
2ND
_a
94(7/8)
100
_a
18
101
_a
SHH
245
_a
FIRSTHAND AMERICA
_c
BERNHARD,V
942
_2
udc
_c
BK
999
_c
15820
_d
15820